Niedersachsen-Quiz A-Z - Statistiken

Allgemein
  • Dieses Quiz wurde 222 mal gespielt
  • Das Durchschnittsergebnis liegt bei 18 aus 26
Antwortstatistiken
Hint Antwort % Korrekt
H Landeshauptstadt Niedersachsens Hannover
99%
W Autostadt, in der sich das Hauptwerk von #V befindet Wolfsburg
95%
B Zweitgrößte Stadt, dessen Fußballverein "Eintracht" 1967 Deutscher Meister wurde Braunschweig
94%
G Universitätsstadt an der Grenze zu Hessen Göttingen
92%
L Große Heidelandschaft südlich von Hamburg Lüneburger Heide
92%
V Großer Automobilproduzent mit Hauptwerk in Niedersachsen Volkswagen
92%
P Dialekt, welcher an der Nordseeküste gesprochen wird Plattdeutsch
89%
C Kreisstadt mit historischer Altstadt Celle
85%
O Großstadt und selbsternannte Grünkohlhaupstadt, Hauptstadt eines ehemaligen gleichnamigen Fürstentums Oldenburg
85%
T Heißgetränk, welches in Ostfriesland traditionell mit Sahne und Kandis getrunken wird Tee
85%
E Fluss im Westen Niedersachsens, welcher bei Emden in die Nordsee mündet Ems
84%
F Der östliche Teil dieser Deutsch-Niederländischen Region befindet sich an der niedersächsischen Nordseeküste Friesland
77%
A Elb-Nebenfluss, in den die Leine und die Oker münden, fließt durch #C und #W Aller
71%
J Meeresbucht bei Wilhelmshaven Jadebusen
68%
X Bezeichnung der Weltausstellung, welche 2000 in der Landeshauptstadt stattfand (enthält ein X) Expo
67%
M Längster Kanal Deutschlands zwischen Dortmund-Ems-Kanal und Elbe-Havel-Kanal, fließt u.a. durch #W Mittellandkanal
66%
U Kreisstadt im Nordosten Niedersachsens mit Hundertwasser-Bahnhof Uelzen
66%
Z Berg- und Universitätsstadt im Harz Claustal-{Zellerfeld}
65%
Y Ostfriesische Insel (3. von Westen, zwischen Juist und Baltrum, enthält ein y) Norderney
64%
S Stadt an der Elbe bei Hamburg Stade
64%
N Kreisstadt an der Weser südlich von Bremen Nienburg
61%
D Landkreis, welcher sich von Bremen bis nach Nordrhein-Westfalen erstreckt Diepholz
48%
R Kreisstadt zwischen #H, Hamburg und Bremen Rotenburg
46%
Q Mittelalterliche Hansestadt im Kreis Osnabrück im Artland Quakenbrück
43%
I Nebenfluss der Leine, welche durch Hildesheim und Salzgitter fließt Innerste
23%
K Erster Ministerpräsident Niedersachsens (1946 - 1955, 1959–1961) Hinrich Wilhelm Kopf
8%
Keine übereinstimmenden Quizze gefunden
Verteilung der Resultate
Anzahl Personen mit jedem Resultat
Perzentil nach korrekt beantworteten Fragen
Ihre Resultats-Entwicklung
Sie haben dieses Quiz noch nicht gespielt